Quantitative population analysis as the factor of the qualitative evolution of the higher education
Vývoj a prognóza populácie 19-násť ročných ako podstatný faktor vývoja počtu novo prijatých univerzitných študentov. Kvantitatívny vývoj slovenských vysokoškolských inštitúcií. Kvantitatívny vývoj vysokoškolského vzdelávania ako faktor kvalitatívneho vývoja vo vysokoškolskom vzdelávaní. Prognózy.
Salvato in:
| Autore principale: | |
|---|---|
| Altri autori: | |
| Natura: | Capitolo di libro |
| Lingua: | inglese |
| Soggetti: | |
| Tags: |
Nessun Tag, puoi essere il primo ad aggiungerne!!
|
MARC
| LEADER | 00000nla$a2200000$$$4500 | ||
|---|---|---|---|
| 001 | 0142298 | ||
| 005 | 20240502083330.8 | ||
| 041 | 0 | |a eng | |
| 044 | |a CZ | ||
| 245 | 1 | 0 | |a Quantitative population analysis as the factor of the qualitative evolution of the higher education |c Monika Čonková, Cyril Závadský |
| 520 | |a Vývoj a prognóza populácie 19-násť ročných ako podstatný faktor vývoja počtu novo prijatých univerzitných študentov. Kvantitatívny vývoj slovenských vysokoškolských inštitúcií. Kvantitatívny vývoj vysokoškolského vzdelávania ako faktor kvalitatívneho vývoja vo vysokoškolskom vzdelávaní. Prognózy. | ||
| 610 | 2 | 0 | |a vzdelávanie vysokoškolské |
| 610 | 2 | 0 | |a kvalita |
| 610 | 2 | 0 | |a univerzity |
| 610 | 2 | 0 | |a mládež |
| 610 | 2 | 0 | |a demografia |
| 610 | 2 | 0 | |a Slovensko |
| 100 | 1 | |a Čonková, Monika, 1976- | |
| 700 | 1 | |a Závadský, Cyril, 1971- | |